000 01005nam a2200265 a 4500
001 3466442
005 20250529121001.0
008 920930s1992 si b 001 0 eng
010 _a 92945356
020 _a0409996017 (U.S.)
040 _aDLC
_cDLC
043 _aa-my---
050 0 0 _aKPG885
_b.L44 1992
082 0 0 _a346.595082
_bLOC
100 1 _aLee, Hock Lock.
_9129070
245 1 0 _aRegulation of banks and other depository institutions in Malaysia :
_ba study in monetary, prudential, and other controls /
_cLee Hock Lock.
260 _aSingapore ;
_aAustin, Tex. :
_bButterworths,
_cc1992.
300 _axi, 385 p. ;
_c26 cm.
504 _aIncludes bibliographical references (p. 354-369) and index.
650 0 _aBanking law
_zMalaysia.
_9129071
650 0 _aFinancial institutions
_xLaw and legislation
_zMalaysia.
_9129072
906 _a7
_bcbc
_corignew
_d3
_encip
_f19
_gy-gencatlg
942 _2ddc
_cBK
999 _c613814
_d613814